| 000 | 00317nam a22000977a 4500 | ||
|---|---|---|---|
| 999 |
_c23323 _d23323 |
||
| 003 | NUST | ||
| 005 | 20171011163228.0 | ||
| 008 | 130409b xxu||||| |||| 00| 0 eng d | ||
| 020 |
_cAvalable _a8178087901 |
||
| 040 |
_aDLC _bDLC _cRCMS |
||
| 082 |
_a005.8KAU _b000019 _22nd ,ed. |
||
| 100 |
_aKaufman Chalie _95348 |
||
| 245 |
_aNetwork Security _cKaufman _bPrivate Communication in a Public World |
||
| 260 |
_aIndia _bPrentice-Hall _cC,2002 |
||
| 300 |
_axxvi,713,p: _bPb: _c22,cm. |
||
| 538 | _iShelf No 2 Row No 1 | ||
| 600 |
_xNetwork Security _95349 |
||
| 856 | _3Table of Content Only | ||
| 942 |
_2ddc _cBK |
||